Normal view
MARC view
Entry Personal Name
001 - CONTROL NUMBER
- control field: 80417
003 - CONTROL NUMBER IDENTIFIER
- control field: OSt
005 - DATE AND TIME OF LATEST TRANSACTION
- control field: 20201022132634.0
008 - FIXED-LENGTH DATA ELEMENTS
- fixed length control field: 201022|| aca||aabn | a|a d
040 ## - CATALOGING SOURCE
- Original cataloging agency: OSt
- Transcribing agency: OSt
100 ## - HEADING--PERSONAL NAME
- Personal name: Hundal Singh Sandeep
670 ## - SOURCE DATA FOUND
- Source citation: Work cat.: (OSt): Hundal Singh Sandeep, Sukhdev , 2018









